[Event "RUS-ch sf"]
[Site "Krasnodar"]
[Date "1999.??.??"]
[Round "1"]
[White "Dzhakaev, Dzhakay"]
[Black "Fetisov, Vitaly"]
[Result "1/2-1/2"]
[WhiteElo "2395"]
[BlackElo "2247"]
[PlyCount "99"]
[EventDate "1999.??.??"]
[EventType "swiss"]
[EventRounds "9"]
[EventCountry "RUS"]
[SourceTitle "EXT 2002"]
[Source "ChessBase"]
[SourceDate "2001.11.25"]
[SourceVersion "1"]
[SourceVersionDate "2001.11.25"]
[SourceQuality "1"]

1. e4 c5 2. Nf3 d6 3. d4 cxd4 4. Nxd4 Nf6 5. Nc3 a6 6. Be2 e5 7. Nb3 Be6 8. f4 exf4 9. Bxf4 Nc6 10. 0-0 Be7 11. Kh1 0-0 12. Qe1 Ne5 13. Rd1 Qc7 14. Nd4 b5 15. Qg3 Kh8 16. Nd5 Nxd5 17. exd5 Bd7 18. Bh5 Bf6 19. Nf3 g6 20. Nxe5 Bxe5 21. Bxe5+ dxe5 22. d6 Qc5 23. b4 Qxb4 24. Qxe5+ Kg8 25. c3 Qc4 26. Qe7 Bc6 27. Be2 Qxa2 28. Bf3 Bxf3 29. gxf3 Rae8 30. Qh4 Qc4 31. Qxc4 bxc4 32. Rd4 Re6 33. Ra1 Ra8 34. Ra4 Rd8 35. Rxa6 Kg7 36. Kg2 Kf6 37. Ra7 Kg7 38. d7 Kf8 39. Rxc4 Ke7 40. Rd4 Rd6 41. Rxd6 Kxd6 42. Kg3 f6 43. Kf4 Rxd7 44. Rxd7+ Kxd7 45. Ke4 Kd6 46. Kd4 h5 47. f4 h4 48. h3 Kc6 49. Ke4 Kc5 50. Kd3 1/2-1/2

[Event "RUS-ch sf"]
[Site "Krasnodar"]
[Date "1999.??.??"]
[Round "2"]
[White "Fetisov, Vitaly"]
[Black "Tunik, Gennady"]
[Result "1/2-1/2"]
[WhiteElo "2247"]
[BlackElo "2474"]
[PlyCount "105"]
[EventDate "1999.??.??"]
[EventType "swiss"]
[EventRounds "9"]
[EventCountry "RUS"]
[SourceTitle "EXT 2002"]
[Source "ChessBase"]
[SourceDate "2001.11.25"]
[SourceVersion "1"]
[SourceVersionDate "2001.11.25"]
[SourceQuality "1"]

1. Nf3 Nf6 2. c4 b6 3. Nc3 c5 4. e4 d6 5. d4 cxd4 6. Nxd4 Bb7 7. Bd3 e6 8. 0-0 Nbd7 9. Re1 g6 10. Bf1 a6 11. f3 Bg7 12. Be3 0-0 13. Qd2 Qc7 14. Rac1 Rfd8 15. Red1 Rac8 16. Qf2 Qb8 17. Nc2 Ba8 18. Nb4 Nc5 19. Nd3 Nxd3 20. Rxd3 b5 21. Ba7 Qb7 22. Rcd1 bxc4 23. Rxd6 Rxd6 24. Rxd6 Nd7 25. Be3 Bf8 26. Rd4 Ne5 27. h3 Bg7 28. Rd6 a5 29. Qd2 h5 30. Na4 Kh7 31. Qxa5 Nc6 32. Qd2 Ne5 33. Nb6 Rc6 34. Rxc6 Qxc6 35. f4 Nd3 36. Nxa8 Qxa8 37. Bxd3 cxd3 38. Qxd3 Bxb2 39. Qc4 Qa5 40. Kf2 Ba3 41. Qb3 Bc5 42. Bxc5 Qxc5+ 43. Qe3 Qc2+ 44. Qe2 Qc3 45. e5 Kg7 46. Kg1 Qc1+ 47. Qf1 Qe3+ 48. Qf2 Qc3 49. Kh2 Qa3 50. Qd2 Kg8 51. Qd8+ Kg7 52. Qf6+ Kg8 53. Qd8+ 1/2-1/2

[Event "RUS-chT2"]
[Site "Orel"]
[Date "1996.??.??"]
[Round "?"]
[White "Fetisov, Vitaly"]
[Black "Namgilov, Sogto"]
[Result "0-1"]
[WhiteElo "2290"]
[BlackElo "2425"]
[PlyCount "48"]
[EventDate "1996.??.??"]
[EventType "team"]
[EventRounds "9"]
[EventCountry "RUS"]
[SourceTitle "EXT 1999"]
[Source "ChessBase"]
[SourceDate "1998.11.16"]
[SourceVersion "1"]
[SourceVersionDate "1998.11.16"]
[SourceQuality "1"]

1. d4 Nf6 2. c4 c6 3. Nc3 d5 4. Nf3 dxc4 5. a4 Bf5 6. e3 e6 7. Bxc4 Bb4 8. 0-0 Nbd7 9. Qe2 0-0 10. e4 Bg4 11. Rd1 Qa5 12. e5 Nd5 13. Ne4 Bh5 14. Bd3 Be7 15. Neg5 Bxg5 16. Bxg5 Bg6 17. Bxg6 hxg6 18. Bd2 Qb6 19. Ng5 Rae8 20. Bc1 c5 21. Qb5 Qc7 22. Qc4 Qc6 23. dxc5 Nxe5 24. Qe4 Qxc5 0-1

[Event "RUS-chT2"]
[Site "Orel"]
[Date "1996.??.??"]
[Round "?"]
[White "Isupov, Vladimir"]
[Black "Fetisov, Vitaly"]
[Result "1-0"]
[WhiteElo "2385"]
[BlackElo "2290"]
[PlyCount "70"]
[EventDate "1996.??.??"]
[EventType "team"]
[EventRounds "9"]
[EventCountry "RUS"]
[SourceTitle "EXT 1999"]
[Source "ChessBase"]
[SourceDate "1998.11.16"]
[SourceVersion "1"]
[SourceVersionDate "1998.11.16"]
[SourceQuality "1"]

1. e4 c5 2. Nf3 Nc6 3. d4 cxd4 4. Nxd4 Nf6 5. Nc3 g6 6. Nxc6 dxc6 7. Qxd8+ Kxd8 8. Bc4 Ke8 9. e5 Ng4 10. f4 h5 11. Bd2 h4 12. h3 Nh6 13. 0-0-0 e6 14. Ne4 Be7 15. Be3 Nf5 16. Bf2 b6 17. Be2 Bb7 18. Bf3 Rd8 19. Nf6+ Bxf6 20. exf6 Rd7 21. a4 Kd8 22. a5 Rxd1+ 23. Rxd1+ Kc7 24. Rd3 Rb8 25. b4 Ba6 26. Rc3 Bb5 27. axb6+ Rxb6 28. Bxb6+ Kxb6 29. Be4 Nd6 30. Bd3 Bxd3 31. Rxd3 Kc7 32. Re3 Kb6 33. Re5 Kc7 34. Kb1 Kd7 35. Ra5 Ne8 1-0